Statistics for Air Canada Destinations

Click here to take the quiz!

General Stats

  • This quiz has been taken 119 times
  • The average score is 85 of 205

Answer Stats

#Destination% Correct
1Montreal
89%
1London
87%
1Toronto
87%
1Vancouver
87%
1Edmonton
84%
1New York City
84%
1Calgary
82%
1Los Angeles
81%
1Mexico City
77%
1Quebec City
77%
1San Francisco
77%
1Seattle
77%
1Winnipeg
77%
1Detroit
76%
1Halifax
76%
1Ottawa
76%
1Paris
76%
1Dallas
74%
1Miami
74%
1Boston
73%
1Minneapolis/St. Paul
73%
1Chicago
71%
1St. John's
71%
1Washington DC
71%
1Charlotte
69%
1Houston
69%
1Orlando
69%
1St. John
69%
1St. John's
69%
1Atlanta
68%
1Austin
68%
1Frankfurt
68%
1San Jose
68%
1Saskatoon
68%
1Sydney
68%
1Las Vegas
66%
1Philadelphia
66%
1Phoenix
66%
1Regina
66%
1Rome
66%
1Sao Paulo
66%
1San Diego
65%
1Bogota
63%
1Denver
63%
1Kingston
63%
1Kingstown
63%
1Madrid
63%
1Newark
63%
1Portland
63%
1Tampa
63%
1Cancun
61%
1Dublin
61%
1Lisbon
61%
1Tokyo
61%
1Hamilton
60%
1Melbourne
60%
1Athens
58%
1Brussels
58%
1Copenhagen
58%
1Munich
58%
1New Orleans
58%
1Auckland
56%
1Havana
56%
1Honolulu
56%
1Victoria
56%
1Yellowknife
56%
1Barcelona
55%
1Beijing
55%
1Buenos Aires
53%
1Cleveland
53%
1Fort Lauderdale
53%
1Lima
53%
1Milan
53%
1Shanghai
53%
1Baltimore
52%
1Santiago
52%
1Vienna
52%
1Hong Kong
50%
1Nashville
50%
1Seoul
50%
1Berlin
48%
1Manchester
48%
1Brisbane
47%
1Columbus
47%
1Delhi
47%
1Pittsburgh
47%
1Raleigh/Durham
47%
1Whitehorse
47%
1Zurich
47%
1Dubai
45%
1Kansas City
45%
1Nassau
45%
1Panama City
45%
1Porto
45%
1Thunder Bay
45%
1Anchorage
44%
1Cincinnati
44%
1Milwaukee
44%
1Osaka
44%
1Prague
44%
1Punta Cana
44%
1St. Louis
44%
1Budapest
42%
1Memphis
42%
1Mumbai
42%
1Sacramento
42%
1Windsor
42%
1Geneva
40%
1Glasgow
40%
1Indianapolis
40%
1Warsaw
40%
1Kelowna
39%
1Moncton
39%
1Nice
39%
1Venice
39%
1Edinburgh
37%
1Fort Myers
37%
1Quito
37%
1San Juan
37%
1Taipei
37%
1Tel Aviv
37%
1Port-au-Prince
35%
1Lyon
34%
1Reykjavik
34%
1Marseille
32%
1San Jose del Cabo
32%
1Bucharest
31%
1Zagreb
31%
1Fredericton
29%
1Kamloops
29%
1Port of Spain
29%
1Fort McMurray
27%
1George Town
27%
1Providence
27%
1Abbotsford
26%
1Charlottetown
26%
1San Salvador
26%
1Shannon
26%
1Bridgetown
24%
1Hartford
24%
1Vieux Fort
24%
1Oranjestad
23%
1West Palm Beach
23%
1Algiers
21%
1Basseterre
21%
1Cozumel
21%
1Kahului
21%
1Liberia
21%
1Sault Ste. Marie
21%
1St. George's
21%
1Toulouse
21%
1Kona
19%
1Lihue
19%
1Nanaimo
19%
1Orange County
19%
1Palm Springs
19%
1Philipsburg
19%
1Sudbury
19%
1Belize City
18%
1Prince George
18%
1Sarasota
18%
1Willemstad
18%
1Holguin
16%
1Ixtapa/Zihuatanejo
16%
1Puerto Plata
16%
1Cartagena
15%
1Deer Lake
15%
1Cayo Coco
13%
1Cranbrook
13%
1Varadero
11%
1Gaspe
10%
1North Bay
10%
1Pointe a Pitre
10%
1Prince Rupert
10%
1Providenciales
10%
1Puerto Vallarta
10%
1Santa Clara
10%
1Timmins
10%
1Val-d'Or
10%
1Fort St. John
8%
1Grande Prairie
8%
1Happy Valley-Goose Bay
8%
1Penticton
8%
1Bathurst
6%
1Comox
6%
1Fort-de-France
6%
1Sept-Iles
6%
1Smithers
6%
1Mont-Tremblant
5%
1Terrace
5%
1Bagotville
3%
1Castlegar
3%
1Gandar
3%
1Mont-Joli
3%
1Samana
3%
1Sandspit
3%
1Baie-Comeau
2%
1Rouyn-Noranda
2%
1Wabush
2%
1Bourdeaux
0%
1Huatulco
0%
1Iles de Madeleine
0%

Score Distribution

Percentile by Number Answered

Percent of People with Each Score

Your Score History

You have not taken this quiz